| 000 | 01747nam0a2200349 4500 | ||
|---|---|---|---|
| 001 | RU\NLR\bibl\117581 | ||
| 005 | 20260406050644.0 | ||
| 010 |
_a5-09-10000-4 _920000 |
||
| 021 |
_aRU _b2000-25507 _91207 |
||
| 035 | _a(NLR Aleph) 000115155 | ||
| 090 |
_a654288 _c654288 |
||
| 100 | _a20001113d2000 |||y0rusy50 ca | ||
| 101 | 0 | _arus | |
| 102 | _aRU | ||
| 105 | _aab ||||||||| | ||
| 200 | 1 |
_aЕстествознание _eУчеб. для 6 кл. общеобразоват. учреждений _f[А.Н. Воробьев, Р.Г. Иванова, И.Г. Кириллова и др.] _gПод ред. акад. Экол. акад. России И.Т. Суравегиной |
|
| 205 | _a3-е изд. | ||
| 210 |
_aМ. _cПросвещение _d2000 |
||
| 215 |
_a238, [3] c. _cил., цв. ил., карт. _d22 |
||
| 606 | 0 |
_aЕстествознание _jРуководства, пособия и т.п. _91049255 _3RU\NLR\auth\6687283 |
|
| 606 | 0 |
_aЕстествознание _jУчебные издания для средней школы _91049255 _3RU\NLR\auth\6687283 |
|
| 686 | _aБ.я721-1 | ||
| 701 | 1 |
_aВоробьев _bА. Н. _gАндрей Николаевич _4070 |
|
| 701 | 1 |
_4070 _8rus _7ca _aИванова _bР .Г. _cпедагог _gРаиса Георгиевна _3RU\NLR\auth\7745836 _928771 |
|
| 701 | 1 |
_4070 _8rus _7ca _aКириллова _bИ. Г. _gИнна Георгиевна _3RU\NLR\auth\776099 _9116054 |
|
| 702 | 1 |
_4340 _8rus _7ca _aСуравегина _bИ. Т. _gИрина Трофимовна _3RU\NLR\auth\772551 _9112561 |
|
| 801 | 0 |
_aRU _bNLR _c20001113 _gPSBO |
|
| 801 | 1 |
_aRU _bNLR _c20001113 |
|
| 852 |
_aNLR _j2000-5/3660 |
||
| 942 | _cBOOK | ||
| 980 | _aNB | ||